000 00374nam a2200157Ia 4500
003 Ost
005 20260225132549.0
008 260225s9999||||xx |||||||||||||| ||und||
040 _cfsic
041 _afre
082 _a440
100 _aM.Mathien
_eAuteur
245 0 _aLe systeme médiatique le journal dans son environnement /
245 0 _cM.Mathien
942 _cكتاب
999 _c34058
_d34058